[Event "II Festival Scacchi Verdi A"]
[Site "Bresso ITA"]
[Date "2002.06.08"]
[Round "3"]
[White "Bernasconi, Roberto"]
[Black "Barberi, Alessandro"]
[Result "0-1"]
[WhiteElo "1720"]
[BlackElo "2089"]
[PlyCount "64"]
[EventDate "2002.06.06"]

1. e4 c5 2. Nf3 d6 3. d4 cxd4 4. Nxd4 Nf6 5. Nc3 g6 6. Be3 Bg7 7. Be2 O-O 8.
O-O Nc6 9. h3 d5 10. exd5 Nxd5 11. Nxd5 Qxd5 12. Bf3 Qa5 13. Nxc6 bxc6 14. c3
Rb8 15. Qc2 Bf5 16. Qe2 Rfd8 17. Rfd1 Rxd1+ 18. Rxd1 Qxa2 19. Rd2 Qa4 20. Bc5
e6 21. Ba3 e5 22. Qe3 e4 23. Bd1 Qa5 24. Bc2 h5 25. Rd1 Re8 26. Bb1 Kh7 27. Re1
Bh6 28. Qd4 Rd8 29. Qf6 Qd5 30. Ba2 Qd2 31. Qxf7+ Bg7 32. Kf1 e3 0-1

[Event "II Festival Scacchi Verdi A"]
[Site "Bresso ITA"]
[Date "2002.06.08"]
[Round "3"]
[White "Bison, Beniamino"]
[Black "Giretti Kanev, Jasen"]
[Result "1/2-1/2"]
[WhiteElo "2167"]
[BlackElo "2177"]
[PlyCount "80"]
[EventDate "2002.06.06"]

1. d4 Nf6 2. c4 e6 3. Nf3 b6 4. e3 Bb7 5. Bd3 Bb4+ 6. Nbd2 O-O 7. O-O Bxd2 8.
Qxd2 Ne4 9. Qc2 f5 10. Nd2 Na6 11. a3 Qh4 12. f3 Ng5 13. Rf2 Rf6 14. Nf1 Rg6
15. Kh1 c5 16. d5 Rf8 17. e4 fxe4 18. Bxg5 Rxg5 19. Bxe4 exd5 20. g3 Qh5 21.
cxd5 d6 22. f4 Rxd5 23. Ne3 Nc7 24. Nxd5 Nxd5 25. Qd3 Re8 26. Kg1 Kh8 27. Qf3
Qf7 28. Rd2 Rxe4 29. Qxe4 Nf6 30. Qd3 d5 31. Re1 Bc6 32. Qf5 Bd7 33. Qe5 d4 34.
Qd6 Bh3 35. Re7 Qc4 36. Re1 h6 37. Qe5 Kh7 38. Qe2 Qd5 39. Qe5 Qc4 40. Qe2 Qd5
1/2-1/2

[Event "II Festival Scacchi Verdi A"]
[Site "Bresso ITA"]
[Date "2002.06.08"]
[Round "3"]
[White "Cazzaniga, Walter"]
[Black "Berni, Fabrizio"]
[Result "1/2-1/2"]
[WhiteElo "2119"]
[BlackElo "2086"]
[PlyCount "87"]
[EventDate "2002.06.06"]

1. d4 d6 2. c4 g6 3. Nc3 Bg7 4. e4 Nc6 5. Be3 e5 6. Nge2 Nf6 7. d5 Ne7 8. h3
O-O 9. g4 h5 10. g5 Nh7 11. Qd2 c6 12. O-O-O cxd5 13. cxd5 Bd7 14. Kb1 Qa5 15.
Nc1 Rfc8 16. Nb3 Qc7 17. Rc1 Qb8 18. f4 b5 19. Bg2 a5 20. fxe5 Bxe5 21. Nd4 b4
22. Nce2 Bg7 23. Bf4 Qb6 24. Be3 Qa6 25. Nf4 Rxc1+ 26. Rxc1 Rc8 27. Bf1 Qb7 28.
Nf3 Nf8 29. Rxc8 Bxc8 30. Bd4 Nd7 31. Bxg7 Kxg7 32. Qd4+ Kg8 33. Bd3 Nc5 34.
Bc4 Nxe4 35. Kc1 Ng3 36. Nd2 Nef5 37. Qf6 Qc7 38. b3 a4 39. Nd3 Ne2+ 40. Kd1
Nc3+ 41. Ke1 Qb6 42. Nf1 a3 43. Ne5 Qc7 44. Nc6 1/2-1/2

[Event "II Festival Scacchi Verdi A"]
[Site "Bresso ITA"]
[Date "2002.06.08"]
[Round "3"]
[White "Moreschi, Mauro"]
[Black "Rombaldoni, Denis"]
[Result "0-1"]
[WhiteElo "1714"]
[BlackElo "1798"]
[PlyCount "38"]
[EventDate "2002.06.06"]

1. e4 c6 2. d4 d5 3. e5 Bf5 4. h4 h5 5. c4 dxc4 6. Bxc4 e6 7. Ne2 Be7 8. g3 Be4
9. Rh2 Bxb1 10. Rxb1 Nh6 11. Bxh6 Rxh6 12. Nf4 g6 13. Qd3 Nd7 14. f3 Qa5+ 15.
Kf1 O-O-O 16. Qe3 Rh7 17. a3 Nb6 18. Ba2 Qb5+ 19. Ke1 19... Kb8 $138 0-1

[Event "II Festival Scacchi Verdi A"]
[Site "Bresso ITA"]
[Date "2002.06.08"]
[Round "3"]
[White "Napoli, Ferdinando"]
[Black "Cardani, Roberto"]
[Result "0-1"]
[WhiteElo "1732"]
[BlackElo "1701"]
[PlyCount "42"]
[EventDate "2002.06.06"]

1. e4 c5 2. Nf3 d6 3. d4 cxd4 4. Nxd4 Nf6 5. Nc3 a6 6. Bg5 e6 7. f4 Be7 8. Qf3
Qc7 9. O-O-O Nbd7 10. Bd3 b5 11. Rhe1 Bb7 12. Nd5 Nxd5 13. exd5 Bxg5 14. Rxe6+
fxe6 15. Nxe6 Bxf4+ 16. Qxf4 Qb6 17. Rf1 Ne5 18. Nxg7+ Kd7 19. Qf5+ Kc7 20. Be4
Qe3+ 21. Kb1 Bc8 0-1

[Event "II Festival Scacchi Verdi A"]
[Site "Bresso ITA"]
[Date "2002.06.08"]
[Round "4"]
[White "Berni, Fabrizio"]
[Black "Bernasconi, Roberto"]
[Result "1/2-1/2"]
[WhiteElo "2086"]
[BlackElo "1720"]
[PlyCount "46"]
[EventDate "2002.06.06"]

1. e4 e5 2. Nf3 Nf6 3. Nxe5 d6 4. Nf3 Nxe4 5. d4 d5 6. Bd3 Be7 7. O-O Nc6 8. c4
Nf6 9. Nc3 O-O 10. cxd5 Nxd5 11. h3 Be6 12. Re1 Bf6 13. Be4 h6 14. a3 Nde7 15.
Bc2 Bxd4 16. Nxd4 Nxd4 17. Bf4 Nxc2 18. Qxc2 c6 19. Rad1 Nd5 20. Bxh6 gxh6 21.
Rxe6 fxe6 22. Qg6+ Kh8 23. Qxh6+ Kg8 1/2-1/2

[Event "II Festival Scacchi Verdi A"]
[Site "Bresso ITA"]
[Date "2002.06.08"]
[Round "4"]
[White "Bisignano, Giuseppe"]
[Black "Napoli, Ferdinando"]
[Result "1-0"]
[WhiteElo "2064"]
[BlackElo "1732"]
[PlyCount "66"]
[EventDate "2002.06.06"]

1. e4 c5 2. Nf3 d6 3. d4 cxd4 4. Nxd4 Nf6 5. Nc3 a6 6. h3 e6 7. Be3 Be7 8. Be2
Bd7 9. g4 h6 10. Qd2 Nc6 11. Nb3 Qc7 12. f4 b5 13. a3 Rc8 14. O-O-O Na5 15.
Nxa5 Qxa5 16. e5 dxe5 17. fxe5 Nd5 18. Nxd5 Qxd2+ 19. Rxd2 exd5 20. Bf3 b4 21.
axb4 Bxb4 22. Rd3 Ba4 23. Rh2 Bc6 24. c3 Ba5 25. Bxd5 Bxd5 26. Rxd5 Bc7 27. c4
Ke7 28. Re2 Ke6 29. Bf4 Rhd8 30. Red2 Ke7 31. Rxd8 Rxd8 32. Rd5 Ke6 33. Rc5 Ke7
1-0

[Event "II Festival Scacchi Verdi A"]
[Site "Bresso ITA"]
[Date "2002.06.08"]
[Round "4"]
[White "Cardani, Roberto"]
[Black "De Santis, Alessio"]
[Result "0-1"]
[WhiteElo "1701"]
[BlackElo "2274"]
[PlyCount "62"]
[EventDate "2002.06.06"]

1. e4 d6 2. d4 Nf6 3. Nc3 c6 4. a4 a5 5. Nf3 Bg4 6. Be2 e6 7. O-O Be7 8. Be3 d5
9. e5 Nfd7 10. Nb1 Na6 11. c3 Bxf3 12. Bxf3 b5 13. axb5 cxb5 14. Na3 Nc7 15.
Be2 Rb8 16. Nc2 a4 17. Nb4 Bxb4 18. cxb4 Nb6 19. Bd3 Qe7 20. Qg4 g6 21. Bd2 Nc4
22. Bc3 O-O 23. h4 Ne8 24. Rae1 Ng7 25. g3 Ra8 26. Kg2 Rfc8 27. Rh1 h5 28. Qf3
a3 29. b3 Nxe5 30. dxe5 Rxc3 31. Qe2 Qxb4 0-1

[Event "II Festival Scacchi Verdi A"]
[Site "Bresso ITA"]
[Date "2002.06.08"]
[Round "4"]
[White "Dragojlovic, Andjelko"]
[Black "Barberi, Alessandro"]
[Result "1/2-1/2"]
[WhiteElo "2338"]
[BlackElo "2089"]
[PlyCount "93"]
[EventDate "2002.06.06"]

1. e4 c5 2. Nf3 d6 3. d4 cxd4 4. Nxd4 Nf6 5. Nc3 g6 6. Be3 Bg7 7. f3 Nc6 8. Qd2
O-O 9. g4 Bd7 10. O-O-O Qa5 11. Kb1 Rfc8 12. h4 Ne5 13. h5 Qd8 14. hxg6 fxg6
15. Nd5 Qf8 16. Qh2 Qf7 17. Nxf6+ Bxf6 18. g5 Bh8 19. Bh3 Rc4 20. Bxd7 Nxd7 21.
Qh3 Nc5 22. Nb3 Ne6 23. c3 b5 24. Nd4 Nc5 25. Rd2 b4 26. cxb4 Rxb4 27. Nc6 Ra4
28. Rd5 Ne6 29. a3 Rc4 30. Na5 Ra4 31. Nc6 Nf8 32. Rc1 e6 33. Rb5 Qd7 34. Qf1
a6 35. Rb6 d5 36. Qd1 dxe4 37. Qxd7 Nxd7 38. Rb7 Ne5 39. Nxe5 Bxe5 40. f4 Bd4
41. Bxd4 Rxd4 42. Rcc7 e3 43. Rg7+ Kf8 44. Rxh7 Kg8 45. Rbg7+ Kf8 46. Rc7 Kg8
47. Rcg7+ 1/2-1/2

[Event "II Festival Scacchi Verdi A"]
[Site "Bresso ITA"]
[Date "2002.06.08"]
[Round "4"]
[White "Giretti Kanev, Jasen"]
[Black "Cazzaniga, Walter"]
[Result "0-1"]
[WhiteElo "2177"]
[BlackElo "2119"]
[PlyCount "98"]
[EventDate "2002.06.06"]

1. e4 c5 2. Nf3 d6 3. c3 Nf6 4. Be2 Nc6 5. d3 g6 6. O-O Bg7 7. h3 O-O 8. Be3
Rb8 9. Qd2 b5 10. Bh6 b4 11. Bxg7 Kxg7 12. c4 e5 13. Nh2 Ne8 14. Qe3 Nd4 15.
Bd1 Nc7 16. Nd2 Nce6 17. Ndf3 f5 18. Nxd4 cxd4 19. Qd2 fxe4 20. dxe4 Nc5 21. f3
Be6 22. Be2 Rb7 23. Ng4 Bxg4 24. hxg4 a5 25. g3 Rbf7 26. Kg2 Kg8 27. Rae1 Qd7
28. b3 Qb7 29. Bd3 Qe7 30. Be2 Ra8 31. Rb1 Qb7 32. Kg1 a4 33. bxa4 Rxa4 34. Bd1
Ra3 35. Bb3 Kg7 36. Rb2 h6 37. Rf2 g5 38. Kg2 Qb6 39. Bc2 Rc3 40. Bb3 Rf6 41.
Rf1 Qa5 42. Qd1 Qa3 43. Rc2 d3 44. Rd2 Nxb3 45. axb3 Rxb3 46. Rff2 Rc3 47. Ra2
Qb3 48. Qxb3 Rxb3 49. Rab2 49... d2 $138 0-1

[Event "II Festival Scacchi Verdi A"]
[Site "Bresso ITA"]
[Date "2002.06.08"]
[Round "4"]
[White "Rombaldoni, Axel"]
[Black "Moreschi, Mauro"]
[Result "1/2-1/2"]
[WhiteElo "1684"]
[BlackElo "1714"]
[PlyCount "145"]
[EventDate "2002.06.06"]

1. e4 d6 2. d4 Nf6 3. Nc3 e5 4. dxe5 dxe5 5. Qxd8+ Kxd8 6. Bg5 Be6 7. Nf3 Bd6
8. O-O-O Ke7 9. Be2 Nbd7 10. Rhe1 h6 11. Bh4 g5 12. Bg3 Nh5 13. Bxe5 Nxe5 14.
Nxe5 Bxe5 15. Bxh5 Bxc3 16. bxc3 Bxa2 17. Rd4 b5 18. Be2 c5 19. Rd2 a6 20. Kb2
Be6 21. Ra1 Rhd8 22. Rxd8 Kxd8 23. Kc1 c4 24. e5 Bd5 25. g3 Ke7 26. Kd2 Bb7 27.
Ke3 Rc8 28. Bg4 Rc5 29. f4 gxf4+ 30. gxf4 f6 31. exf6+ Kxf6 32. Bf3 Bxf3 33.
Kxf3 Rc6 34. Kg4 h5+ 35. Kf3 Kf5 36. Rd1 Rb6 37. Rd5+ Kg6 38. Ke4 a5 39. Rg5+
Kh6 40. h4 a4 41. Kd5 a3 42. Rg1 Rf6 43. Ke5 Ra6 44. f5 a2 45. Ra1 Kg7 46. Ke4
Kf6 47. Kf4 Ra4 48. Ke4 b4 49. cxb4 Rxb4 50. Rxa2 c3+ 51. Kd3 Kxf5 52. Kxc3
Rxh4 53. Kb3 Ke6 54. c4 Kd6 55. Kb4 Kc6 56. Ra6+ Kb7 57. Rh6 Rh1 58. Kb5 Rb1+
59. Kc5 Rh1 60. Rh7+ Kb8 61. Kb6 Rb1+ 62. Kc6 Rc1 63. c5 Rg1 64. Rh8+ Ka7 65.
Kc7 Rg7+ 66. Kc6 Rg6+ 67. Kb5 Kb7 68. Rh7+ Kc8 69. c6 Rg1 70. Rxh5 Rb1+ 71. Kc5
Rc1+ 72. Kd6 Rd1+ 73. Rd5 1/2-1/2

[Event "II Festival Scacchi Verdi A"]
[Site "Bresso ITA"]
[Date "2002.06.08"]
[Round "4"]
[White "Rombaldoni, Denis"]
[Black "Bison, Beniamino"]
[Result "0-1"]
[WhiteElo "1798"]
[BlackElo "2167"]
[PlyCount "58"]
[EventDate "2002.06.06"]

1. d4 e6 2. Nf3 Nf6 3. Bg5 c5 4. e3 Be7 5. Bd3 b6 6. Nbd2 Ba6 7. Bxa6 Nxa6 8.
c3 O-O 9. O-O Qc7 10. Qe2 Qb7 11. Ne5 d6 12. Ng4 Nxg4 13. Qxg4 e5 14. Bh6 Bf6
15. Ne4 Qe7 16. dxe5 dxe5 17. f4 Kh8 18. Nxf6 Qxf6 19. Bg5 Qc6 20. f5 f6 21.
Bh4 c4 22. Rf3 Rad8 23. Rg3 Rf7 24. Rh3 Rdd7 25. Qh5 h6 26. Qg6 Qd6 27. e4 Nc5
28. Bf2 Nxe4 29. Be3 Qd1+ 0-1

[Event "II Festival Scacchi Verdi A"]
[Site "Bresso ITA"]
[Date "2002.06.09"]
[Round "5"]
[White "Barberi, Alessandro"]
[Black "Berni, Fabrizio"]
[Result "0-1"]
[WhiteElo "2089"]
[BlackElo "2086"]
[PlyCount "66"]
[EventDate "2002.06.06"]

1. d4 d5 2. c4 e6 3. Nf3 Nf6 4. e3 c6 5. Nbd2 Nbd7 6. b3 b6 7. Bd3 Bb7 8. Bb2
Be7 9. O-O O-O 10. Qc2 h6 11. Rad1 c5 12. Rfe1 Qc7 13. e4 dxe4 14. Nxe4 Nxe4
15. Bxe4 Bxe4 16. Rxe4 Nf6 17. Re2 Rfd8 18. d5 exd5 19. Rde1 Bf8 20. Bxf6 gxf6
21. cxd5 Rxd5 22. h3 Qd7 23. Re4 f5 24. R4e3 Qd6 25. Ne5 Qf6 26. f4 Rad8 27.
R1e2 Rd1+ 28. Kh2 R1d5 29. g3 Rd1 30. Nf3 R8d5 31. Nd2 Qa1 32. Kg2 Rh1 33. Re5
Rxd2 0-1

[Event "II Festival Scacchi Verdi A"]
[Site "Bresso ITA"]
[Date "2002.06.09"]
[Round "5"]
[White "Bisignano, Giuseppe"]
[Black "Rombaldoni, Axel"]
[Result "1-0"]
[WhiteElo "2064"]
[BlackElo "1684"]
[PlyCount "105"]
[EventDate "2002.06.06"]

1. e4 c5 2. Nf3 e6 3. d4 cxd4 4. Nxd4 Nf6 5. Nc3 Bb4 6. Bg5 Bxc3+ 7. bxc3 Qa5
8. Nb5 Nxe4 9. Qd4 f6 10. Bf4 d5 11. Nc7+ Kd8 12. Nxa8 e5 13. Qb4 Qxb4 14. cxb4
exf4 15. c4 Re8 16. Bd3 Ng3+ 17. Kd2 Nxh1 18. Rxh1 dxc4 19. Bxc4 Nc6 20. Rd1
Bd7 21. Kc3 Kc8 22. b5 Ne5 23. b6 Nxc4 24. Kxc4 Be6+ 25. Kc5 Kb8 26. Nc7 Rc8
27. Kb5 a6+ 28. Kc5 Bxa2 29. Rd7 Rg8 30. Rd2 Bb3 31. Rd3 Bf7 32. Rd4 g5 33. Rd7
Bg6 34. Ne6 Bf5 35. Kd6 Re8 36. Rd8+ Rxd8+ 37. Nxd8 Kc8 38. Nf7 a5 39. Ke7 a4
40. Nd6+ Kb8 41. Nxf5 a3 42. Nd4 Kc8 43. Kxf6 Kd7 44. Kxg5 a2 45. Nc2 Kc6 46.
Kxf4 Kxb6 47. Ke5 Kc5 48. f4 b5 49. f5 b4 50. f6 b3 51. f7 b2 52. f8=Q+ Kc6 53.
Qa8+ 1-0

[Event "II Festival Scacchi Verdi A"]
[Site "Bresso ITA"]
[Date "2002.06.09"]
[Round "5"]
[White "Cardani, Roberto"]
[Black "Rombaldoni, Denis"]
[Result "0-1"]
[WhiteElo "1701"]
[BlackElo "1798"]
[PlyCount "94"]
[EventDate "2002.06.06"]

1. e4 c6 2. d4 d5 3. Nc3 dxe4 4. Nxe4 Nf6 5. Nxf6+ gxf6 6. Nf3 Bg4 7. Be2 e6 8.
c3 Bd6 9. h3 Bh5 10. Be3 Nd7 11. Qd2 Qa5 12. Bf4 Bxf4 13. Qxf4 O-O-O 14. O-O
Rdg8 15. a4 e5 16. dxe5 fxe5 17. Qe3 Qb6 18. a5 Qxe3 19. fxe3 Rg3 20. Rf2 Rhg8
21. Kh2 Bxf3 22. Bxf3 R3g7 23. a6 Nb6 24. axb7+ Kxb7 25. Be4 Nc4 26. Raf1 Nxe3
27. Rxf7+ Kb6 28. R1f2 a5 29. Rxg7 Rxg7 30. Rf6 Rc7 31. b3 Nd1 32. c4 Nc3 33.
Bc2 Kc5 34. Rf3 Ne2 35. Re3 Nd4 36. Bd1 Re7 37. g4 Kb4 38. h4 c5 39. Kh3 Rf7
40. Rxe5 Rf1 41. Re8 Rxd1 42. Rb8+ Kc3 43. Rh8 Kxb3 44. Rxh7 a4 45. g5 a3 46.
g6 a2 47. Rb7+ Kc3 0-1

[Event "II Festival Scacchi Verdi A"]
[Site "Bresso ITA"]
[Date "2002.06.09"]
[Round "5"]
[White "De Santis, Alessio"]
[Black "Cazzaniga, Walter"]
[Result "1/2-1/2"]
[WhiteElo "2274"]
[BlackElo "2119"]
[PlyCount "72"]
[EventDate "2002.06.06"]

1. d4 f5 2. g3 Nf6 3. Bg2 g6 4. Nh3 Bg7 5. Nf4 d6 6. d5 c6 7. c4 O-O 8. Nc3 Qe8
9. Rb1 Na6 10. b4 Bd7 11. Qb3 Kh8 12. h4 cxd5 13. cxd5 Ng4 14. Bb2 Rc8 15. h5
g5 16. h6 Bf6 17. Nh5 Qg6 18. Nxf6 exf6 19. Bf3 Rfe8 20. Kf1 Re7 21. Bxg4 fxg4
22. e4 Rf8 23. Re1 Nb8 24. Kg2 a6 25. Qd1 Bc8 26. b5 Rd8 27. Ba3 Rf7 28. Qd4
Kg8 29. Qb6 Re8 30. Bxd6 Nd7 31. Qd4 Ne5 32. Re3 Bd7 33. bxa6 bxa6 34. Bc7 Nf3
35. Qc5 Nd2 36. Qd4 Nf3 1/2-1/2

[Event "II Festival Scacchi Verdi A"]
[Site "Bresso ITA"]
[Date "2002.06.09"]
[Round "5"]
[White "Moreschi, Mauro"]
[Black "Napoli, Ferdinando"]
[Result "1-0"]
[WhiteElo "1714"]
[BlackElo "1732"]
[PlyCount "93"]
[EventDate "2002.06.06"]

1. e4 c5 2. Nc3 Nc6 3. f4 g6 4. Nf3 Bg7 5. d3 d6 6. h3 Nf6 7. g4 Rb8 8. Ne2 b5
9. c3 b4 10. Bd2 Qb6 11. c4 a5 12. Rb1 Ra8 13. Bg2 Bb7 14. Ng3 a4 15. g5 Nd7
16. h4 a3 17. b3 Nd4 18. h5 Nf8 19. h6 Nxf3+ 20. Bxf3 Bd4 21. Ne2 Nd7 22. Rh3
Nb8 23. Bh1 Nc6 24. Be3 Bb2 25. Bc1 Bd4 26. Nxd4 Nxd4 27. Be3 e5 28. Bxd4 cxd4
29. fxe5 dxe5 30. Rf3 O-O 31. Rf6 Qd8 32. Qf3 Ra6 33. Ke2 Rxf6 34. Qxf6 Qxf6
35. gxf6 Rd8 36. Rf1 Rd6 37. Rf2 Bc8 38. Kf1 Rc6 39. Kg2 Bg4 40. Kg3 Bd1 41.
Bg2 Ra6 42. Rf1 Be2 43. Rc1 Bxd3 44. c5 Bb5 45. Bf1 d3 46. Bxd3 Bxd3 47. Rd1
1-0

[Event "II Festival Scacchi Verdi A"]
[Site "Bresso ITA"]
[Date "2002.06.09"]
[Round "6"]
[White "Cazzaniga, Walter"]
[Black "Bison, Beniamino"]
[Result "1/2-1/2"]
[WhiteElo "2119"]
[BlackElo "2167"]
[PlyCount "21"]
[EventDate "2002.06.06"]

1. d4 e6 2. c4 Nf6 3. Nf3 d5 4. Nc3 Be7 5. Bg5 O-O 6. e3 h6 7. Bh4 Ne4 8. Bxe7
Qxe7 9. Qc2 c6 10. Bd3 Nxc3 11. Qxc3 1/2-1/2

[Event "II Festival Scacchi Verdi A"]
[Site "Bresso ITA"]
[Date "2002.06.09"]
[Round "6"]
[White "Moreschi, Mauro"]
[Black "Cardani, Roberto"]
[Result "1-0"]
[WhiteElo "1714"]
[BlackElo "1701"]
[PlyCount "91"]
[EventDate "2002.06.06"]

1. e4 c5 2. Nc3 d6 3. f4 Nc6 4. Nf3 e6 5. b3 g6 6. Bb2 Bg7 7. g3 Nge7 8. Bg2
O-O 9. O-O d5 10. d3 b5 11. Qc1 Qb6 12. Ne2 d4 13. c3 Bb7 14. cxd4 cxd4 15. Qd2
a5 16. a3 b4 17. a4 Rfd8 18. g4 Ba6 19. g5 Rac8 20. Rac1 Rc7 21. Rc2 Nc8 22.
Rfc1 Nd6 23. Ne1 Rdc8 24. Ng3 Ne7 25. Rxc7 Rxc7 26. Rxc7 Qxc7 27. Qf2 Qc5 28.
Ne2 Nc6 29. e5 Nf5 30. Bxc6 Qxc6 31. Nxd4 Qd5 32. Qg2 Ne3 33. Qxd5 Nxd5 34. Ne2
Bf8 35. Bd4 Be7 36. Kf2 Kf8 37. Kg3 Bd8 38. Ba7 Bb6 39. Bxb6 Nxb6 40. Nd4 Nd7
41. Nc6 Nc5 42. Nxa5 Nxd3 43. Nxd3 Bxd3 44. Kf3 Ke8 45. Ke3 Bc2 46. Kd4 1-0

[Event "II Festival Scacchi Verdi A"]
[Site "Bresso ITA"]
[Date "2002.06.09"]
[Round "6"]
[White "Napoli, Ferdinando"]
[Black "Barberi, Alessandro"]
[Result "0-1"]
[WhiteElo "1732"]
[BlackElo "2089"]
[PlyCount "58"]
[EventDate "2002.06.06"]

1. e4 c5 2. Nf3 d6 3. d4 cxd4 4. Nxd4 Nf6 5. Nc3 g6 6. Be3 Bg7 7. f3 Nc6 8. Qd2
O-O 9. O-O-O Bd7 10. Bc4 Qc7 11. Bb3 Rfc8 12. g4 Ne5 13. g5 Nh5 14. Nd5 Qd8 15.
Kb1 Nc4 16. Bxc4 Rxc4 17. b3 Rcc8 18. Ne2 b5 19. Bd4 Bxd4 20. Qxd4 Rc5 21. h4
a5 22. Nef4 Nxf4 23. Nxf4 Rac8 24. Rh2 Rc3 25. Nd3 Qc7 26. h5 Rxc2 27. h6 e5
28. Nxe5 dxe5 29. Qxd7 Qxd7 0-1

[Event "XXXIV C.to Italiano a squadre A1 Finali"]
[Site "Treviso ITA"]
[Date "2002.05.18"]
[Round "1"]
[White "Aldrovandi, Costantino"]
[Black "Iotti, Pierluigi"]
[Result "1-0"]
[WhiteElo "2414"]
[BlackElo "2291"]
[PlyCount "153"]
[EventDate "2002.05.18"]

1. e4 e6 2. d4 d5 3. e5 c5 4. c3 Nc6 5. Nf3 Bd7 6. a3 c4 7. Bf4 Na5 8. Nbd2 Ne7
9. Be2 Qc7 10. h4 Nc8 11. Qc2 Nb6 12. a4 h6 13. h5 O-O-O 14. Bg3 Kb8 15. O-O
Rc8 16. Rfc1 Ka8 17. Bd1 Be7 18. Qb1 Bc6 19. Bc2 Qd7 20. Qa2 Rcg8 21. Bh4 g6
22. hxg6 fxg6 23. Bxe7 Qxe7 24. Qa3 Qxa3 25. Rxa3 g5 26. g3 Kb8 27. Kg2 Kc7 28.
Rh1 Kd8 29. Nh2 g4 30. Nhf1 Ke7 31. Rh4 h5 32. Ne3 Nd7 33. Kf1 Kf8 34. Ng2 Rg5
35. Nf4 Rh6 36. Ra1 Kg7 37. f3 Kf7 38. Kf2 Nb6 39. Rhh1 Ke7 40. fxg4 Rxg4 41.
Nxh5 Rg5 42. Nf4 Rxh1 43. Rxh1 Rg7 44. Rh6 Bd7 45. Kf3 Nc6 46. Rh8 a5 47. g4
Kf7 48. Nh5 Rg8 49. Rh7+ Kf8 50. Kf4 Ne7 51. Nf6 Rg7 52. Rh8+ Kf7 53. Nxd7 Nxd7
54. Nf3 Ng6+ 55. Bxg6+ Kxg6 56. Nh4+ Kf7 57. g5 Nf8 58. Rh6 Nd7 59. g6+ Kg8 60.
Nf3 Nb6 61. Ng5 Re7 62. Nh7 Kg7 63. Kg5 Nd7 64. Nf6 Nf8 65. Nh5+ Kg8 66. Kf6
Rc7 67. Kg5 Re7 68. g7 Rxg7+ 69. Nxg7 Kxg7 70. Rh1 Nd7 71. b3 cxb3 72. Rb1 Nb6
73. Rxb3 Nxa4 74. Rxb7+ Kg8 75. Kg6 Kf8 76. Kf6 Kg8 77. Rb3 1-0

[Event "XXXIV C.to Italiano a squadre A1 Finali"]
[Site "Treviso ITA"]
[Date "2002.05.18"]
[Round "1"]
[White "Bellini, Fabio"]
[Black "Tkachiev, Vladislav"]
[Result "1-0"]
[WhiteElo "2500"]
[BlackElo "2633"]
[PlyCount "83"]
[EventDate "2002.05.18"]

1. e4 d6 2. d4 g6 3. c3 Nf6 4. Bd3 Bg7 5. Nf3 O-O 6. O-O Nc6 7. h3 e5 8. dxe5
dxe5 9. Na3 a6 10. Bg5 h6 11. Bxf6 Qxf6 12. Nc4 h5 13. Ne3 Nb8 14. a4 a5 15.
Nc4 Qe7 16. Qb3 Re8 17. Rfd1 Nd7 18. Bf1 Nc5 19. Qc2 Qf6 20. Ne3 c6 21. Nd2 Bf8
22. Ndc4 Be6 23. b4 axb4 24. cxb4 Na6 25. Nd6 Bxd6 26. Rxd6 Red8 27. Rxd8+ Qxd8
28. Bxa6 Rxa6 29. Rd1 Qe7 30. b5 cxb5 31. axb5 Ra2 32. Qd3 Qc5 33. Qd8+ Kg7 34.
b6 Ra6 35. Rd6 Ra1+ 36. Kh2 Qb4 37. Nf5+ gxf5 38. Qg5+ Kh7 39. Qxh5+ Kg7 40.
Qg5+ Kh7 41. Rd8 f6 42. Qxf6 1-0

[Event "XXXIV C.to Italiano a squadre A1 Finali"]
[Site "Treviso ITA"]
[Date "2002.05.18"]
[Round "1"]
[White "Belotti, Bruno"]
[Black "Sedina, Elena"]
[Result "1-0"]
[WhiteElo "2420"]
[BlackElo "2407"]
[PlyCount "55"]
[EventDate "2002.05.18"]

1. g3 d5 2. Bg2 e5 3. c4 d4 4. d3 Nf6 5. Nf3 Nc6 6. O-O Bc5 7. b4 Nxb4 8. Nxe5
Qe7 9. a3 Na6 10. Nc6 Qe6 11. Na5 Rb8 12. Nb3 O-O 13. N1d2 Rd8 14. Nf3 b5 15.
Bf4 Qb6 16. Rb1 Bd7 17. Be5 bxc4 18. Nbd2 Qe6 19. Rxb8 Rxb8 20. Nxc4 Bc6 21.
Ng5 Qe8 22. Bxf6 Bxg2 23. Kxg2 Qc6+ 24. Ne4 gxf6 25. Qd2 f5 26. Ne5 Qe6 27. Nd7
Qd5 28. Ndf6+ 1-0

[Event "XXXIV C.to Italiano a squadre A1 Finali"]
[Site "Treviso ITA"]
[Date "2002.05.18"]
[Round "1"]
[White "Glek, Igor V."]
[Black "Huebner, Robert"]
[Result "1/2-1/2"]
[WhiteElo "2605"]
[BlackElo "2628"]
[PlyCount "156"]
[EventDate "2002.05.18"]

1. e4 c5 2. Nf3 Nc6 3. Bb5 e6 4. Bxc6 bxc6 5. d3 Ne7 6. Qe2 Ng6 7. h4 Qc7 8. h5
Nf4 9. Qf1 e5 10. Bxf4 exf4 11. Qe2 Be7 12. Nc3 O-O 13. Qd2 Rb8 14. Rb1 Bf6 15.
O-O d5 16. exd5 Bxc3 17. Qxc3 cxd5 18. b4 c4 19. h6 gxh6 20. Rfe1 Rb6 21. dxc4
Qxc4 22. Qxc4 dxc4 23. Re4 Ra6 24. Rxf4 Be6 25. Nd4 Rxa2 26. Nxe6 fxe6 27. Rxc4
Rd8 28. Rb3 h5 29. Rg3+ Kf7 30. Rf4+ Ke7 31. Rg7+ Ke8 32. c4 Rd7 33. Rg8+ Ke7
34. Rg7+ Kd8 35. Rf8+ Kc7 36. Rxd7+ Kxd7 37. Rf7+ Kc6 38. Rxh7 Ra4 39. b5+ Kb6
40. Rxh5 Rxc4 41. Re5 Rb4 42. Kh2 Rxb5 43. Rxe6+ Kb7 44. g4 a5 45. f4 a4 46. g5
a3 47. Re1 a2 48. Ra1 Rb2+ 49. Kh3 Kc6 50. g6 Kd6 51. g7 Rb8 52. Rxa2 Ke6 53.
Ra7 Kf6 54. Kg4 Kg6 55. f5+ Kf6 56. Kf4 Rg8 57. Rb7 Rxg7 58. Rb6+ Kf7 59. Ke5
Rg1 60. Rb7+ Kg8 61. Kf6 Rf1 62. Rb8+ Kh7 63. Re8 Rf2 64. Rd8 Rf1 65. Ke6 Kg7
66. Rd7+ Kg8 67. Rd4 Kg7 68. Rg4+ Kf8 69. Kf6 Ra1 70. Re4 Rh1 71. Re6 Rh4 72.
Ke5 Rh1 73. Ra6 Kf7 74. Ra7+ Kg8 75. Ke6 Re1+ 76. Kf6 Rf1 77. Ra2 Rf3 78. Rg2+
Kf8 1/2-1/2

[Event "XXXIV C.to Italiano a squadre A1 Finali"]
[Site "Treviso ITA"]
[Date "2002.05.18"]
[Round "1"]
[White "Menoni, Vincenzo"]
[Black "Sciortino, Massimo"]
[Result "1-0"]
[WhiteElo "2228"]
[BlackElo "2204"]
[PlyCount "63"]
[EventDate "2002.05.18"]

1. e4 e5 2. Bc4 Nf6 3. d3 c6 4. Nf3 d5 5. Bb3 Bb4+ 6. Bd2 Bxd2+ 7. Nbxd2 Bg4 8.
h3 Bxf3 9. Qxf3 a5 10. a3 O-O 11. g4 dxe4 12. dxe4 Qe7 13. g5 Nfd7 14. h4 Nc5
15. Ba2 Ne6 16. O-O-O Nd4 17. Qe3 Nd7 18. h5 Kh8 19. g6 h6 20. gxf7 Ne6 21. Nf3
Rfd8 22. Rxd7 Qxd7 23. Nxe5 Qc8 24. Rg1 Kh7 25. Qg3 g5 26. hxg6+ Kg7 27. Nd3
Ng5 28. Qe5+ Kxg6 29. Nf4+ Kh7 30. Nh5 Kg6 31. f4 Kxh5 32. fxg5 1-0

[Event "XXXIV C.to Italiano a squadre A1 Finali"]
[Site "Treviso ITA"]
[Date "2002.05.18"]
[Round "1"]
[White "Sarno, Spartaco"]
[Black "Stangl, Markus"]
[Result "0-1"]
[WhiteElo "2399"]
[BlackElo "2478"]
[PlyCount "78"]
[EventDate "2002.05.18"]

1. c4 e6 2. Nf3 d5 3. b3 a5 4. Nc3 d4 5. Nb5 Nc6 6. Bb2 e5 7. e3 dxe3 8. fxe3
e4 9. Ne5 Nf6 10. Be2 Qe7 11. Nxc6 bxc6 12. Nc3 Bf5 13. O-O Qd7 14. Qc2 Be7 15.
Rxf5 Qxf5 16. Bf3 O-O 17. Nxe4 Kh8 18. Rc1 Nd7 19. Ng3 Qxc2 20. Rxc2 Ra6 21.
Nh5 f6 22. Nf4 a4 23. Ne6 axb3 24. axb3 Rb8 25. Nxc7 Ra2 26. Bxc6 Rxb3 27. Bxd7
Rbxb2 28. Rxb2 Rxb2 29. Nd5 Rxd2 30. Nxe7 Rxd7 31. Nd5 Rd6 32. e4 Re6 33. Kf2
Rxe4 34. Ne3 Kg8 35. Ke2 Rd4 36. c5 Kf7 37. Nf5 Rd5 38. Nd6+ Ke6 39. Ne8 Rxc5
0-1

[Event "XXXIV C.to Italiano a squadre A1 Finali"]
[Site "Treviso ITA"]
[Date "2002.05.18"]
[Round "1"]
[White "Vezzosi, Paolo"]
[Black "Arlandi, Ennio"]
[Result "1/2-1/2"]
[WhiteElo "2398"]
[BlackElo "2448"]
[PlyCount "61"]
[EventDate "2002.05.18"]

1. c4 e6 2. Nc3 d5 3. d4 Be7 4. Nf3 Nf6 5. Bg5 O-O 6. e3 h6 7. Bh4 b6 8. Rc1
Bb7 9. Bxf6 Bxf6 10. cxd5 exd5 11. Be2 Qe7 12. O-O Rd8 13. Qc2 Nd7 14. Rfd1 Nf8
15. Rd2 Ne6 16. Rcd1 c5 17. dxc5 Bxc3 18. Qxc3 bxc5 19. Qe5 a5 20. h4 Rab8 21.
h5 Ba8 22. Bd3 Rb4 23. a3 Rb6 24. Bb1 Rdb8 25. Bc2 c4 26. Bb1 Qc7 27. Qf5 Nf8
28. Rd4 Rxb2 29. Rg4 Qd7 30. Ne5 Qxf5 31. Bxf5 1/2-1/2